000
00245nam a22000977a 4500
999
_c
11786
_d
11786
008
200217b ||||| |||| 00| 0 eng d
020
_a
9781338112146
100
_a
West Tracey
_9
7469
245
_a
Robin to the Rescue
260
_a
USA
_b
Scolastic
_c
2017